LEADER 01406nam 2200445 450 001 9910493683303321 005 20200220081219.0 010 $a90-272-6254-3 035 $a(CKB)4100000008694646 035 $a(MiAaPQ)EBC5811332 035 $a(EXLCZ)994100000008694646 100 $a20200220d2019 uy 0 101 0 $aeng 135 $aurcnu|||||||| 181 $ctxt$2rdacontent 182 $cc$2rdamedia 183 $acr$2rdacarrier 200 04$aThe social dynamics of pronominal systems $ea comparative approach /$fedited by Paul Bouissac 210 1$aAmsterdam ;$aPhiladelphia :$cJohn Benjamins Publishing Company,$d[2019] 210 4$dİ2019 215 $a1 online resource (328 pages) 225 1 $aPragmatics & Beyond New Series ;$vVolume 304 311 $a90-272-0316-4 410 0$aPragmatics & beyond ;$vVolume 304. 606 $aForms of address 606 $aGrammar, Comparative and general$xPronoun 606 $aInterpersonal communication 608 $aElectronic books. 615 0$aForms of address. 615 0$aGrammar, Comparative and general$xPronoun. 615 0$aInterpersonal communication. 676 $a401.45 702 $aBouissac$b Paul 801 0$bMiAaPQ 801 1$bMiAaPQ 801 2$bMiAaPQ 906 $aBOOK 912 $a9910493683303321 996 $aThe social dynamics of pronominal systems$92481087 997 $aUNINA LEADER 02644oam 2200649I 450 001 9910455239103321 005 20200520144314.0 010 $a1-135-95776-2 010 $a1-280-40737-9 010 $a0-203-90455-9 024 7 $a10.4324/9780203904558 035 $a(CKB)111056485549688 035 $a(EBL)180292 035 $a(OCoLC)437082927 035 $a(SSID)ssj0000118625 035 $a(PQKBManifestationID)11145202 035 $a(PQKBTitleCode)TC0000118625 035 $a(PQKBWorkID)10052901 035 $a(PQKB)11091682 035 $a(MiAaPQ)EBC180292 035 $a(Au-PeEL)EBL180292 035 $a(CaPaEBR)ebr10053791 035 $a(CaONFJC)MIL40737 035 $a(OCoLC)51023363 035 $a(EXLCZ)99111056485549688 100 $a20180706d2000 uy 0 101 0 $aeng 135 $aur|n|---||||| 181 $ctxt 182 $cc 183 $acr 200 10$aCastration $ean abbreviated history of western manhood /$fGary Taylor 210 1$aNew York :$cRoutledge,$d2000. 215 $a1 online resource (318 p.) 300 $aDescription based upon print version of record. 311 $a0-415-93881-3 311 $a0-415-92785-4 320 $aIncludes bibliographical references (p. [247]-298) and index. 327 $aBook Cover; Title; Contents; Timeline; What Does Manhood Mean?; Contest of Texts Christianity, Freudianity, Humanism; Contest of Males The Power of Eunuchs; Contest of Organs Genital Plural; Contest of Gods Dream Divination; Contest of Reproductions The Rise of the Penis, the Fall of the Scrotum; Contest of Genders Castrating Women; Contest of Races Castrated White Men; Contest of Kinds Confusing Categories; Contest of Signs Branded and Domesticated Male Animals; Contest of Times What Would Jesus Do?; The Future of Man; Appendix Thomas Middleton and A Game at Chess; Acknowledgments; Notes 327 $aIndex 330 $aCastration is a lively history of the meaning, function, and act of castration from its place in the early church to its secular reinvention in the Renaissance as a spiritualized form of masculinity in its 20th century position at the core of psychoanalysis. 606 $aCastration anxiety 606 $aMasculinity 606 $aMen$xPsychology 608 $aElectronic books. 615 0$aCastration anxiety. 615 0$aMasculinity. 615 0$aMen$xPsychology. 676 $a155.3/32 700 $aTaylor$b Gary$f1953-,$0144400 801 0$bMiAaPQ 801 1$bMiAaPQ 801 2$bMiAaPQ 906 $aBOOK 912 $a9910455239103321 996 $aCastration$91124374 997 $aUNINA